[Event "Rheinland Pfalz op 14th"]
[Site "Neuwied"]
[Date "2024.05.30"]
[Round "2"]
[White "Send, Sebastian"]
[Black "Schoenberger, Kay"]
[Result "1-0"]
[WhiteElo "2125"]
[BlackElo "1874"]
[PlyCount "103"]
[EventDate "2024.05.30"]
[EventType "swiss"]
[EventRounds "7"]
[EventCountry "GER"]
[SourceTitle "EXT 2025"]
[Source "ChessBase"]
[SourceDate "2024.10.14"]
[SourceVersion "1"]
[SourceVersionDate "2024.10.14"]
[SourceQuality "1"]

1. Nf3 Nf6 2. e3 g6 3. b4 Bg7 4. Bb2 0-0 5. Be2 a5 6. b5 c5 7. a4 d5 8. c4 Be6 9. Na3 Nbd7 10. Ng5 Nb6 11. Nxe6 fxe6 12. 0-0 Qc7 13. Qb3 Nfd7 14. Bxg7 Kxg7 15. Rac1 d4 16. f4 e5 17. fxe5 Rxf1+ 18. Rxf1 Nxe5 19. Nc2 Rd8 20. exd4 cxd4 21. d3 Rd6 22. Rf4 Qc5 23. Bf3 Nxf3+ 24. Rxf3 e5 25. Kh1 Rf6 26. Rxf6 Kxf6 27. Qb1 Nxa4 28. Qa1 Nc3 29. Qxa5 b6 30. Qa8 Kg7 31. Qd8 Qf8 32. Qxf8+ Kxf8 33. Kg1 e4 34. Nb4 exd3 35. Nxd3 Ne4 36. Ne5 Kg7 37. Kf1 Nc5 38. Ke2 Kf6 39. Nc6 d3+ 40. Ke3 g5 41. Nb4 Kf5 42. Nxd3 Ne6 43. c5 bxc5 44. b6 Nd8 45. Nxc5 Nc6 46. b7 Nb8 47. Kd4 Kf4 48. Ne6+ Kf5 49. Kd5 g4 50. g3 h5 51. Nc5 h4 52. Kd6 1-0

[Event "Dortmund op-A"]
[Site "Dortmund"]
[Date "2007.06.29"]
[Round "7"]
[White "Singh, Marcel"]
[Black "Send, Sebastian"]
[Result "0-1"]
[WhiteElo "1864"]
[BlackElo "2162"]
[PlyCount "120"]
[EventDate "2007.06.22"]
[EventType "swiss"]
[EventRounds "9"]
[EventCountry "GER"]
[SourceTitle "EXT 2008"]
[Source "ChessBase"]
[SourceDate "2007.11.25"]
[SourceVersion "1"]
[SourceVersionDate "2007.11.25"]
[SourceQuality "1"]

1. e4 c6 2. d4 d5 3. Nc3 dxe4 4. Nxe4 Bf5 5. Ng3 Bg6 6. N1e2 e6 7. Nf4 Bd6 8. h4 Bxf4 9. Bxf4 h6 10. Bxb8 Rxb8 11. c3 Nf6 12. h5 Bh7 13. Bd3 Bxd3 14. Qxd3 0-0 15. Ne4 Nxe4 16. Qxe4 Qg5 17. f4 Qg4 18. Kf2 c5 19. Rad1 Rbd8 20. Qf3 Qf5 21. g4 Qc2+ 22. Qe2 Qa4 23. b3 Qa5 24. Rh3 cxd4 25. cxd4 Rd5 26. Qd2 Qb6 27. Rd3 f5 28. Qe2 fxg4 29. Qxg4 e5 30. Ke3 exf4+ 31. Kf2 Rff5 32. Qg6 Rxh5 33. Qxb6 axb6 34. Kf3 Rhf5 35. Rc1 Rf7 36. Ke4 Rdd7 37. d5 g5 38. d6 Kg7 39. Rd5 Kg6 40. Rcd1 g4 41. Rg1 g3 42. Kf3 Rf6 43. Rd4 Kg5 44. Rd5+ Rf5 45. Rxf5+ Kxf5 46. Rd1 Ke5 47. Re1+ Kxd6 48. Rh1 Rg7 49. Rxh6+ Kc5 50. Rh1 g2 51. Rg1 Kb4 52. Kxf4 Ka3 53. Ke4 Kxa2 54. b4 Ka3 55. b5 Kb4 56. Kd4 Rg4+ 57. Kd3 Kxb5 58. Kc3 Kc5 59. Kb3 Kd4 60. Kb2 Ke3 0-1

[Event "Dortmund op-A"]
[Site "Dortmund"]
[Date "2007.06.27"]
[Round "5"]
[White "Zeldin, Leonid"]
[Black "Send, Sebastian"]
[Result "1/2-1/2"]
[WhiteElo "1905"]
[BlackElo "2162"]
[PlyCount "68"]
[EventDate "2007.06.22"]
[EventType "swiss"]
[EventRounds "9"]
[EventCountry "GER"]
[SourceTitle "EXT 2008"]
[Source "ChessBase"]
[SourceDate "2007.11.25"]
[SourceVersion "1"]
[SourceVersionDate "2007.11.25"]
[SourceQuality "1"]

1. e4 c6 2. f4 d5 3. e5 Bf5 4. d4 e6 5. Nf3 h5 6. Bd3 Nh6 7. 0-0 Be7 8. b3 g6 9. a4 0-0 10. Ba3 Bxd3 11. Qxd3 Nf5 12. Bxe7 Qxe7 13. Nbd2 c5 14. c3 Nc6 15. Rfc1 cxd4 16. Nxd4 Ncxd4 17. cxd4 Rac8 18. Nf3 Qb4 19. Kf2 Rc6 20. Rxc6 bxc6 21. Rc1 Rb8 22. Rc3 a5 23. g3 Qa3 24. Qc2 Rb4 25. Rd3 Kg7 26. h3 Qa1 27. Rd1 Qa3 28. Rd3 h4 29. g4 Ng3 30. Nxh4 Ne4+ 31. Kg2 Qa1 32. Nf3 Qa3 33. Ng5 Qa1 34. Nf3 Qa3 1/2-1/2

[Event "Dortmund op-A"]
[Site "Dortmund"]
[Date "2007.06.26"]
[Round "4"]
[White "Send, Sebastian"]
[Black "Kelbling, Philipp"]
[Result "1/2-1/2"]
[WhiteElo "2162"]
[BlackElo "1919"]
[PlyCount "106"]
[EventDate "2007.06.22"]
[EventType "swiss"]
[EventRounds "9"]
[EventCountry "GER"]
[SourceTitle "EXT 2008"]
[Source "ChessBase"]
[SourceDate "2007.11.25"]
[SourceVersion "1"]
[SourceVersionDate "2007.11.25"]
[SourceQuality "1"]

1. e4 c5 2. Nc3 Nc6 3. f4 g6 4. Nf3 Bg7 5. Bb5 a6 6. Bxc6 bxc6 7. d3 Rb8 8. 0-0 d6 9. Qe1 Be6 10. Qg3 Nf6 11. f5 Bc8 12. e5 dxe5 13. fxg6 hxg6 14. Qxe5 Bg4 15. Qxc5 Bxf3 16. Rxf3 Ng4 17. Qxc6+ Kf8 18. Rxf7+ Kg8 19. Rxg7+ Kxg7 20. Ne2 Qa5 21. Bf4 Rxb2 22. Qe6 Qb6+ 23. Qxb6 Rxb6 24. h3 Nf6 25. Be5 Rc8 26. c4 Re6 27. Bxf6+ exf6 28. Nf4 Rb6 29. Kf2 Rb2+ 30. Kf3 g5 31. Nh5+ Kg6 32. g4 Rd2 33. Ke3 Rh2 34. Rf1 Rxh3+ 35. Ke4 Re8+ 36. Kd4 Rd8+ 37. Kc5 Rc8+ 38. Kb6 Rxd3 39. Rxf6+ Kh7 40. c5 Rd2 41. c6 Rb2+ 42. Ka7 a5 43. Rf7+ Kg6 44. Rg7+ Kh6 45. c7 Rb4 46. Rd7 Rxg4 47. Nf6 Ra4 48. Nd5 Rxa2 49. Kb7 Rxc7+ 50. Kxc7 a4 51. Kd6 Kh5 52. Ke5 Kh4 53. Nf6 Re2+ 1/2-1/2

[Event "Dortmund op-A"]
[Site "Dortmund"]
[Date "2007.06.24"]
[Round "3"]
[White "Hubel, Merten"]
[Black "Send, Sebastian"]
[Result "1-0"]
[WhiteElo "1910"]
[BlackElo "2162"]
[PlyCount "73"]
[EventDate "2007.06.22"]
[EventType "swiss"]
[EventRounds "9"]
[EventCountry "GER"]
[SourceTitle "EXT 2008"]
[Source "ChessBase"]
[SourceDate "2007.11.25"]
[SourceVersion "1"]
[SourceVersionDate "2007.11.25"]
[SourceQuality "1"]

1. d4 Nf6 2. c4 c5 3. d5 e6 4. Nc3 exd5 5. cxd5 d6 6. e4 g6 7. f4 Bg7 8. Bb5+ Nfd7 9. Nf3 0-0 10. 0-0 a6 11. Bxd7 Nxd7 12. Kh1 b5 13. f5 b4 14. Ne2 a5 15. fxg6 hxg6 16. Qe1 Ba6 17. Ng5 Bxe2 18. Qxe2 Bf6 19. Qg4 Kg7 20. Bf4 Qe7 21. Rae1 Ne5 22. Qg3 c4 23. Nf3 Rfe8 24. Nd4 Qd7 25. Bh6+ Kxh6 26. Rxf6 Kg7 27. Ref1 Ra6 28. Qg5 Rh8 29. Nf5+ Kf8 30. Nxd6 Rh5 31. Rxf7+ Nxf7 32. Rxf7+ Qxf7 33. Qd8+ Kg7 34. Nxf7 Kxf7 35. Qc7+ Kf6 36. d6 Re5 37. d7 1-0

[Event "Dortmund op-A"]
[Site "Dortmund"]
[Date "2003.08.10"]
[Round "9"]
[White "Hermann, Manfred"]
[Black "Send, Sebastian"]
[Result "1-0"]
[WhiteElo "2327"]
[BlackElo "2148"]
[PlyCount "49"]
[EventDate "2003.08.01"]
[EventType "swiss"]
[EventRounds "9"]
[EventCountry "GER"]
[SourceTitle "CBM 095 Extra"]
[Source "ChessBase"]
[SourceDate "2003.09.04"]
[SourceVersion "1"]
[SourceVersionDate "2003.09.04"]
[SourceQuality "1"]

1. e4 c6 2. c4 d5 3. exd5 cxd5 4. cxd5 Nf6 5. Nc3 Nxd5 6. d4 e6 7. Bd3 Nc6 8. Nf3 Be7 9. 0-0 0-0 10. Re1 b6 11. Nxd5 Qxd5 12. Be4 Qd6 13. Ne5 Bb7 14. Bf4 Bf6 15. Qg4 Bxe5 16. dxe5 Qc7 17. Rac1 Rac8 18. Rc3 Rfd8 19. Bg5 Rd4 20. Bf6 g6 21. Qg5 Rxe4 22. Rxe4 Qd7 23. h3 Ne7 24. Rf4 Qd1+ 25. Kh2 1-0

[Event "Dortmund op-A"]
[Site "Dortmund"]
[Date "2003.08.02"]
[Round "2"]
[White "Send, Sebastian"]
[Black "Manthei, Michael"]
[Result "0-1"]
[WhiteElo "2148"]
[BlackElo "1785"]
[PlyCount "112"]
[EventDate "2003.08.01"]
[EventType "swiss"]
[EventRounds "9"]
[EventCountry "GER"]
[SourceTitle "CBM 095 Extra"]
[Source "ChessBase"]
[SourceDate "2003.09.04"]
[SourceVersion "1"]
[SourceVersionDate "2003.09.04"]
[SourceQuality "1"]

1. e4 c6 2. d4 d5 3. e5 Bf5 4. Nc3 e6 5. g4 Bg6 6. Nge2 Bb4 7. h4 h6 8. Ng3 Be7 9. h5 Bh7 10. Be3 Nd7 11. f4 Bh4 12. Bf2 Bxg3 13. Bxg3 Qb6 14. b3 0-0-0 15. Qd2 Ne7 16. a4 a5 17. Be2 Nb8 18. 0-0 Qb4 19. f5 Bxf5 20. Bh4 g5 21. hxg6 Bxg6 22. Qe3 Kd7 23. Nb5 Nc8 24. Bxd8 Kxd8 25. Nd6 Nxd6 26. exd6 Qxd6 27. c4 Nd7 28. c5 Qc7 29. Rf4 Re8 30. Rf2 e5 31. dxe5 Qxe5 32. Qxe5 Rxe5 33. Rc1 Re3 34. Bd1 Ne5 35. Re2 Nxg4 36. Rxe3 Nxe3 37. Be2 Nc2 38. Kf2 Nd4 39. Bd1 Ke7 40. Ke3 Ne6 41. Bf3 Kf6 42. Bg4 Ke5 43. Bxe6 fxe6 44. Rh1 h5 45. Rg1 Bc2 46. Rg5+ Kf6 47. Rxh5 e5 48. Rh6+ Kg5 49. Re6 Kf5 50. Re7 Bxb3 51. Rxb7 Bxa4 52. Ra7 Bb5 53. Rxa5 d4+ 54. Kd2 Ke6 55. Ra8 Kd5 56. Re8 e4 0-1

[Event "GER-chT Landesliga"]
[Site "Greifswald"]
[Date "2001.08.03"]
[Round "7.2"]
[White "Send, Sebastian"]
[Black "Schuetze, Norman"]
[Result "1-0"]
[WhiteElo "2167"]
[BlackElo "2134"]
[PlyCount "57"]
[EventDate "2001.07.29"]
[EventType "team"]
[EventRounds "7"]
[EventCountry "GER"]
[SourceTitle "EXT 2003"]
[Source "ChessBase"]
[SourceDate "2002.11.25"]
[SourceVersion "1"]
[SourceVersionDate "2002.11.25"]
[SourceQuality "1"]

1. d4 Nf6 2. Bg5 Ne4 3. Bf4 d5 4. e3 Bf5 5. f3 Nf6 6. c4 c6 7. Qb3 Qb6 8. g4 Qxb3 9. axb3 Nxg4 10. e4 Bg6 11. Nc3 e5 12. dxe5 d4 13. Nd1 Bb4+ 14. Ke2 Nh6 15. h4 Bh5 16. Bxh6 gxh6 17. Nh3 f6 18. Nf4 Bf7 19. exf6 Nd7 20. Nd3 c5 21. e5 b5 22. cxb5 Bxb3 23. f4 Rg8 24. f5 Bc4 25. f7+ Kxf7 26. e6+ Ke7 27. exd7 Kxd7 28. Kf2 Rgf8 29. Ne5+ 1-0

[Event "GER-ch U18"]
[Site "Willingen"]
[Date "2001.??.??"]
[Round "8"]
[White "Hofrichter, Jens"]
[Black "Send, Sebastian"]
[Result "0-1"]
[WhiteElo "2113"]
[BlackElo "2169"]
[PlyCount "88"]
[EventDate "2001.06.03"]
[EventType "swiss"]
[EventRounds "9"]
[EventCountry "GER"]
[SourceTitle "EXT 2002"]
[Source "ChessBase"]
[SourceDate "2001.11.25"]
[SourceVersion "1"]
[SourceVersionDate "2001.11.25"]
[SourceQuality "1"]

1. d4 Nf6 2. c4 c5 3. d5 e6 4. Nc3 exd5 5. cxd5 d6 6. e4 g6 7. f4 Bg7 8. Bb5+ Nfd7 9. a4 0-0 10. Nf3 Na6 11. 0-0 Nc7 12. Re1 a6 13. Bf1 Nf6 14. a5 Re8 15. Bc4 Nb5 16. e5 Nxc3 17. bxc3 Nd7 18. Ng5 b5 19. e6 f6 20. Nf7 Qc7 21. Bd3 c4 22. Bc2 f5 23. exd7 Bxd7 24. Ng5 Bxc3 25. Bd2 Bxa1 26. Qxa1 Qc5+ 27. Kh1 Qf2 28. Rf1 Qxd2 29. Qf6 Qxd5 30. Bd1 Rf8 31. Qe7 Rf7 32. Bf3 Rxe7 33. Bxd5+ Kg7 34. Bxa8 h6 35. Nf3 Be6 36. Re1 Kf6 37. Nd4 b4 38. Bf3 b3 39. Bd1 Bd5 40. Rf1 Re4 41. Ne2 Re3 42. Nd4 Rd3 43. Nf3 Bxf3 44. gxf3 Rxd1 0-1

[Event "GER-ch U18"]
[Site "Willingen"]
[Date "2001.??.??"]
[Round "9"]
[White "Send, Sebastian"]
[Black "Helm, Leonie"]
[Result "1/2-1/2"]
[WhiteElo "2169"]
[BlackElo "2121"]
[PlyCount "87"]
[EventDate "2001.06.03"]
[EventType "swiss"]
[EventRounds "9"]
[EventCountry "GER"]
[SourceTitle "EXT 2002"]
[Source "ChessBase"]
[SourceDate "2001.11.25"]
[SourceVersion "1"]
[SourceVersionDate "2001.11.25"]
[SourceQuality "1"]

1. d4 Nf6 2. Bg5 Ne4 3. Bf4 d5 4. e3 Bf5 5. Bd3 e6 6. f3 Nd6 7. Nc3 Qf6 8. Nge2 Bxd3 9. Qxd3 Qg6 10. Qxg6 hxg6 11. e4 c6 12. 0-0 Nd7 13. Nc1 Be7 14. Nd3 0-0 15. Rae1 Rfe8 16. Re2 a6 17. Rfe1 dxe4 18. fxe4 Bf8 19. Rf1 Rad8 20. Ref2 f5 21. Re2 Nf7 22. Rfe1 Nf6 23. exf5 exf5 24. Rxe8 Rxe8 25. Rxe8 Nxe8 26. d5 cxd5 27. Nxd5 Nf6 28. Nc3 Nd7 29. Kf2 g5 30. Be3 Bd6 31. h3 Nde5 32. Nc5 f4 33. Bd4 Nc6 34. Nb3 Nxd4 35. Nxd4 Bc5 36. Nce2 Ne5 37. b3 Kf7 38. Ke1 Kf6 39. Nf3 Kf5 40. Kd2 Nc6 41. c3 g4 42. hxg4+ Kxg4 43. Kd3 Kf5 44. Nh4+ 1/2-1/2

[Event "Dortmund Sparkassen op-A"]
[Site "Dortmund"]
[Date "2000.07.15"]
[Round "9"]
[White "Send, Sebastian"]
[Black "Sand, Rolf"]
[Result "1/2-1/2"]
[WhiteElo "2175"]
[BlackElo "2112"]
[PlyCount "42"]
[EventDate "2000.07.07"]
[EventType "swiss"]
[EventRounds "10"]
[EventCountry "GER"]
[SourceTitle "EXT 2001"]
[Source "ChessBase"]
[SourceDate "2000.11.22"]
[SourceVersion "1"]
[SourceVersionDate "2000.11.22"]
[SourceQuality "1"]

1. e4 c5 2. c3 d5 3. exd5 Qxd5 4. d4 Nf6 5. Nf3 Nc6 6. Be3 cxd4 7. cxd4 e6 8. a3 Be7 9. Nc3 Qd6 10. Bd3 0-0 11. 0-0 a6 12. Qe2 b5 13. Rfe1 Bb7 14. Rad1 Rac8 15. Bb1 Na5 16. Ne5 Nc4 17. Bf4 Qb6 18. Bg5 Nxa3 19. Bxf6 Bxf6 20. Nd7 Qd8 21. Nxf8 Nxb1 1/2-1/2

[Event "Dortmund Sparkassen op-A"]
[Site "Dortmund"]
[Date "2000.07.08"]
[Round "2"]
[White "Aurlund, Kjell"]
[Black "Send, Sebastian"]
[Result "0-1"]
[WhiteElo "2055"]
[BlackElo "2175"]
[PlyCount "66"]
[EventDate "2000.07.07"]
[EventType "swiss"]
[EventRounds "10"]
[EventCountry "GER"]
[SourceTitle "EXT 2001"]
[Source "ChessBase"]
[SourceDate "2000.11.22"]
[SourceVersion "1"]
[SourceVersionDate "2000.11.22"]
[SourceQuality "1"]

1. e4 c6 2. d3 d5 3. Nd2 e5 4. Ngf3 Bd6 5. g3 Be6 6. Bg2 f6 7. d4 Nd7 8. 0-0 Qb6 9. c3 0-0-0 10. a4 a5 11. Qc2 g5 12. exd5 Bxd5 13. c4 Bxf3 14. c5 Bxg2 15. cxb6 Bxf1 16. Kxf1 exd4 17. Nc4 Bc5 18. Bd2 Ne7 19. Bxa5 Nd5 20. Re1 h5 21. h3 h4 22. Kg2 hxg3 23. fxg3 Rhf8 24. Re6 f5 25. Bd2 f4 26. b4 Bxb6 27. Nxb6+ N7xb6 28. b5 Ne3+ 29. Bxe3 dxe3 30. Rxc6+ Kb8 31. Rxb6 Rc8 32. Qe4 f3+ 33. Qxf3 Rc2+ 0-1

[Event "GER-ch U18"]
[Site "Ueberlingen"]
[Date "2000.06.10"]
[Round "9"]
[White "Send, Sebastian"]
[Black "Markert, Malte"]
[Result "1/2-1/2"]
[WhiteElo "2175"]
[BlackElo "2180"]
[PlyCount "41"]
[EventDate "2000.06.03"]
[EventType "swiss"]
[EventRounds "9"]
[EventCountry "GER"]
[SourceTitle "EXT 2001"]
[Source "ChessBase"]
[SourceDate "2000.11.22"]
[SourceVersion "1"]
[SourceVersionDate "2000.11.22"]
[SourceQuality "1"]

1. e4 e6 2. d4 d5 3. Nc3 Nf6 4. e5 Nfd7 5. Nf3 c5 6. dxc5 Nc6 7. Bf4 Bxc5 8. Bd3 f6 9. exf6 Qxf6 10. Bg5 Qf7 11. Qe2 0-0 12. 0-0-0 Nb6 13. Bh4 Qh5 14. Bg3 Bd7 15. Rhe1 Kh8 16. Nb5 Nb4 17. a3 Nxd3+ 18. Qxd3 Nc4 19. Nbd4 b5 20. Ne5 Qh6+ 21. Kb1 1/2-1/2